000 00890nab a2200253 u 4500
001 13268
003 HDC
007 cr bn ---aaaaa
008 210212c mydr|nes 0 a may d
040 _aHDC
100 _aMohd Shariza Abdullah
_eauthor
_98937
245 0 _aPastikan Bumiputera seiring kaum lain - Mustapa /
_cby Mohd Shariza Abdullah & Rodelio Junjun Taucan
260 _aMalaysia:
_bUtusan Malaysia,
_c2014
336 _atext
_2rdacontent
337 _acomputer
_2rdamedia
338 _aonline resource
_2rdacarrier
650 _aBusiness industry
_96119
650 _asmall and medium enterprise
_98448
710 _aUtusan Malaysia
856 _zRequest full-text at [email protected]
942 _2lcc
942 _cNEWS
942 _kNSWC 004428
999 _c10584
_d10584